Logo BPK

Biblioteka

Politechniki Koszalińskiej

Podstawy konstrukcji aparatury chemicznej. (Rekord nr 18579)

Szczegóły MARC
000 -ETYKIETA REKORDU
podpole kontrolne o stałej długości 01753nam a2200505 i 4500
001 - NUMER KONTROLNY REKORDU
pole kontrolne 18579
003 - IDENTYFIKATOR NUMERU KONTROLNEGO REKORDU
podpole kontrolne KOSZ 005
005 - DATA OSTATNIEJ MODYFIKACJI REKORDU
podpole kontrolne 20200818104351.0
008 - POLE O STAŁEJ DŁUGOŚCI - DANE KONTROLNE
podpole kontrolne o stałej długości 000717s1979 pl a f f |000 0 pol
015 ## - NUMER BIBLIOGRAFII NARODOWEJ
Numer bibliografii narodowej UWD 1979/935
035 ## - NUMER SYSTEMOWY
Numer systemowy przejętego rekordu 991014328909705066
035 ## - NUMER SYSTEMOWY
Numer systemowy przejętego rekordu (PL-WaBN)b13847521-48omnis_nlop
035 ## - NUMER SYSTEMOWY
Numer systemowy przejętego rekordu b13847521
035 ## - NUMER SYSTEMOWY
Numer systemowy przejętego rekordu (OCoLC)749328611
035 ## - NUMER SYSTEMOWY
Numer systemowy przejętego rekordu (PL)b0000001384752
035 ## - NUMER SYSTEMOWY
Numer systemowy przejętego rekordu (EXLNZ-48OMNIS_NETWORK)9910496999805606
040 ## - ŹRÓDŁO KATALOGOWANIA
Instytucja, która sporządziła opis WA N
Instytucja, która utworzyła rekord WA N
Instytucja, która dokonała modyfikacji KOSZ 005/HR
041 0# - KOD JĘZYKA
Kod języka tekstu pol
080 ## - UNIWERSALNA KLASYFIKACJA DZIESIĘTNA - UKD
UKD 66
080 ## - UNIWERSALNA KLASYFIKACJA DZIESIĘTNA - UKD
UKD (075.8)
100 1# - NAZWA OSOBOWA
Nazwa osobowa Pikoń, Jerzy
Daty związane z nazwą (1931-1989)
Określenie rodzaju współpracy Autor
245 10 - TYTUŁ/ODPOWIEDZIALNOŚĆ
Tytuł Podstawy konstrukcji aparatury chemicznej.
Oznaczenie części/sekcji dzieła Cz. 2,
Tytuł części/sekcji dzieła Elementy aparatury chemicznej /
Pozostałe elementy strefy tytułu i oznaczenia odpowiedzialności Jerzy Pikoń.
246 30 - WARIANT TYTUŁU
Tytuł Elementy aparatury chemicznej
260 ## - STREFA ADRESU WYDAWNICZEGO
Miejsce wydania Warszawa :
Nazwa wydawcy/dystrybutora Państwowe Wydawnictwo Naukowe,
Data publikacji, dystrybucji/powstania dokumentu 1979.
300 ## - STREFA OPISU FIZYCZNEGO
Objętość 710, [2] s., [12] k. tabl. :
Inne cechy fizyczne il. ;
Rozmiary 24 cm
336 ## - TYP ZAWARTOŚCI
Termin opisujący typ zawartości Tekst
Kod określający zawartość txt
Źródło (terminu i kodu) rdacontent
337 ## - TYP MEDIÓW
Tryb odtwarzania Bez urządzenia pośredniczącego
Kod typu mediów n
Źródło (terminu i kodu) rdamedia
338 ## - TYP/RODZAJ NOŚNIKA
Hasło opisujące typ nośnika Wolumin
Kod typu nośnika nc
Źródło (terminu i kodu) rdacarrier
380 ## - FORMA I TYP PUBLIKACJI
Forma i typ publikacji Książki
380 ## - FORMA I TYP PUBLIKACJI
Forma i typ publikacji Publikacje dydaktyczne
385 ## - ODBIORCA
Kategoria grupowa odbiorcy Poziom nauczania
Odbiorca Szkoły wyższe
388 ## - CZAS POWSTANIA
Czas powstania 1901-2000
388 ## - CZAS POWSTANIA
Czas powstania 1945-1989
504 ## - UWAGA DOTYCZĄCA BIBLIOGRAFII
Informacje o bibliografii Bibliogr.
521 8# - UWAGA DOTYCZĄCA PRZEZNACZENIA CZYTELNICZEGO
Przeznaczenie czytelnicze Podręcznik dla studentów wyższych szkół technicznych na wydziałach chemicznych.
650 #7 - HASŁO PRZEDMIOTOWE W FORMIE NAZWY OGÓLNEJ LUB JEDNOSTKOWEJ
Nazwa ogólna lub geograficzna Narzędzia
650 #7 - HASŁO PRZEDMIOTOWE W FORMIE NAZWY OGÓLNEJ LUB JEDNOSTKOWEJ
Nazwa ogólna lub geograficzna Maszyny
650 #7 - HASŁO PRZEDMIOTOWE W FORMIE NAZWY OGÓLNEJ LUB JEDNOSTKOWEJ
Nazwa ogólna lub geograficzna Technologia chemiczna
Źródło hasła lub terminu DBN
655 #7 - TERMIN INDEKSOWY - OKREŚLENIE RODZAJU/FORMY DOKUMENTU
Określenie rodzaju/formy dokumentu Podręczniki akademickie
Źródło terminu DBN
658 ## - TERMIN INDEKSOWY - PRZEDMIOT PROGRAMU NAUCZANIA
Główny przedmiot programu nauczania Inżynieria i technika
710 2# - HASŁO DODATKOWE - NAZWA CIAŁA ZBIOROWEGO
Nazwa ciała zbiorowego lub jednostki geograficznej Państwowe Wydawnictwo Naukowe
Kod określenia powiązania pbl
856 ## - LOKALIZACJA I DOSTĘP DO ELEKTRONICZNYCH DOKUMENTÓW ZDALNYCH
Link (URL) http://koha.tu.koszalin.pl/cgi-bin/koha/opac-detail.pl?biblionumber=18579
Tekst linku Katalog online BPK
942 ## - DODATKOWE ELEMENTY (KOHA)
Schemat klasyfikacji Uniwersalna Klasyfikacja Dziesiętna
Typ dokumentu Książka
Egzemplarze
Wycofany Status egzemplarza Uszkodzony Dostępność Lokalizacja stała Lokalizacja bieżąca Miejsce przechowywania Sygnatura Kod kreskowy Typ dokumentu
      Dostępny Biblioteka Politechniki Koszalińskiej Biblioteka Politechniki Koszalińskiej Wypożyczalnia BG P 36005 01445107 Książka
      Dostępny Biblioteka Politechniki Koszalińskiej Biblioteka Politechniki Koszalińskiej Wypożyczalnia BG P 36007 01129182 Książka
      Dostępny Biblioteka Politechniki Koszalińskiej Biblioteka Politechniki Koszalińskiej Wypożyczalnia BG 25905 02057231 Książka
      Dostępny Biblioteka Politechniki Koszalińskiej Biblioteka Politechniki Koszalińskiej Wypożyczalnia BG 25906 01102604 Książka
© 2023 Biblioteka Politechniki Koszalińskiej :: KOHA